| 000 | 00609nam a2200217 a 4500 | ||
|---|---|---|---|
| 001 | 811 | ||
| 003 | CO-ViMGA | ||
| 008 | 141112s2004 ck r 000 u spa d | ||
| 040 |
_aCO-ViMGA _bspa _cCO-ViMGA |
||
| 082 | 0 | 4 | _a512.13 S864 |
| 100 | 1 |
_aSwokowski, Earl W _94939 |
|
| 245 | 1 | 0 |
_aAlgebra y trigonometria con geometria analitica / _cSwokowski Earl W , Cole Jeffery A |
| 250 | _a3a | ||
| 260 |
_aMexico : _bIberoAmérica, _c1992 |
||
| 300 | _a836 p | ||
| 650 | 1 | 4 |
_aALGEBRA _94940 |
| 650 | 1 | 4 |
_aCole, Jeffery A _94941 |
| 650 | 1 | 4 | _aGEOMETRIA ANALITICA |
| 650 | 1 | 4 |
_aTRIGONOMETRIA _94943 |
| 942 |
_2ddc _cBK |
||
| 999 |
_c13047 _d13047 |
||